Comparative plant anatomy : (Record no. 12375)
[ view plain ]
| 000 -LEADER | |
|---|---|
| fixed length control field | 00833cam a22002531 4500 |
| 001 - CONTROL NUMBER | |
| control field | 12375 |
| 003 - CONTROL NUMBER IDENTIFIER | |
| rucl marc code | BD-RjUL |
| 005 - DATE AND TIME OF LATEST TRANSACTION | |
| control field | 20211208235301.0 |
| 008 - FIXED-LENGTH DATA ELEMENTS--GENERAL INFORMATION | |
| fixed length control field | 140128s1961 nyua b 001 0 eng |
| 035 ## - SYSTEM CONTROL NUMBER | |
| System control number | (BD-RjUL)12424 |
| 040 ## - CATALOGING SOURCE | |
| Original cataloging agency | DLC |
| Transcribing agency | DLC |
| Modifying agency | DLC |
| -- | BD-RjUL |
| Language of cataloging | eng |
| 041 ## - LANGUAGE CODE | |
| Language code of text/sound track or separate title | eng |
| 082 00 - DEWEY DECIMAL CLASSIFICATION NUMBER | |
| Classification number | 571.32 |
| Author mark and year | CAC 1961 |
| Edition number | 23 |
| 100 1# - MAIN ENTRY--PERSONAL NAME | |
| Personal name | Carlquist, Sherwin John, |
| Dates associated with a name | 1930- |
| 9 (RLIN) | 38432 |
| 245 10 - TITLE STATEMENT | |
| Title | Comparative plant anatomy : |
| Remainder of title | a guide to taxonomic and evolutionary application of anatomical data in angiosperms / |
| Statement of responsibility, etc. | Sherwin John Carlquist |
| 260 ## - PUBLICATION, DISTRIBUTION, ETC. (IMPRINT) | |
| Place of publication, distribution, etc. | New York : |
| Name of publisher, distributor, etc. | Holt, Rinehart and Winston , |
| Date of publication, distribution, etc. | c1961. |
| 300 ## - PHYSICAL DESCRIPTION | |
| Pagination | ix, 146 p. : |
| Illustrations | ill. ; |
| Size | 21 cm. |
| 490 0# - SERIES STATEMENT | |
| Series statement | Biology studies |
| 504 ## - BIBLIOGRAPHY, ETC. NOTE | |
| Bibliography, etc | Includes bibliography and index. |
| 650 #0 - SUBJECT ADDED ENTRY--TOPICAL TERM | |
| Topical term or geographic name as entry element | Plant anatomy. |
| 9 (RLIN) | 38433 |
| Topical term or geographic name as entry element | Angiosperms. |
| 9 (RLIN) | 38434 |
| 942 ## - ADDED ENTRY ELEMENTS (KOHA) | |
| Source of classification or shelving scheme | Dewey Decimal Classification |
| Koha item type | Books |
| Lost status | Source of classification or shelving scheme | Damaged status | Not for loan | Collection code | Permanent Location | Current Location | Shelving location | Date acquired | Source of acquisition | Cost, normal purchase price | Total Checkouts | Full call number | Date last seen | Copy number | Koha item type |
|---|---|---|---|---|---|---|---|---|---|---|---|---|---|---|---|
| Dewey Decimal Classification | Non-fiction | Central Library, University of Rajshahi | Central Library, University of Rajshahi | 17/08/1973 | Euro-Bangladesh N. Agancy | 72.00 | 571.32 CAC 1961 | 28/01/2014 | C-4 | Books | |||||
| Dewey Decimal Classification | Not For Loan | Non-fiction | Central Library, University of Rajshahi | Central Library, University of Rajshahi | Reading Room | 04/07/1964 | Zeithinger | 40.00 | 571.32 CAC 1961 | 30/03/2017 | C-1 | Books | |||
| Dewey Decimal Classification | Non-fiction | Central Library, University of Rajshahi | Central Library, University of Rajshahi | 21/11/1963 | euro | 32.50 | 571.32 CAC 1961 | 22/05/2017 | C-2 | Books |